Data structures via C++: objects by evolution (Record no. 5711)
[ view plain ]
| 000 -LEADER | |
|---|---|
| fixed length control field | 01183 a2200181 4500 |
| 020 ## - INTERNATIONAL STANDARD BOOK NUMBER | |
| International Standard Book Number | 0195108434 |
| 040 ## - CATALOGING SOURCE | |
| Original cataloging agency | DLC |
| 100 1# - MAIN ENTRY--PERSONAL NAME | |
| Personal name | Berman, A. Michael. |
| 245 10 - TITLE STATEMENT | |
| Title | Data structures via C++: objects by evolution |
| Remainder of title | objects by evolution |
| Statement of responsibility, etc. | A. Michael Berman. |
| 260 ## - PUBLICATION, DISTRIBUTION, ETC. | |
| Place of publication, distribution, etc. | New York : |
| Name of publisher, distributor, etc. | Oxford University Press, |
| Date of publication, distribution, etc. | 1997. |
| 300 ## - PHYSICAL DESCRIPTION | |
| Extent | 471 p. : |
| Other physical details | ill. |
| 500 ## - GENERAL NOTE | |
| General note | Includes index. |
| 520 ## - SUMMARY, ETC. | |
| Summary, etc. | Bringing together the fundamental topics of a traditional introductory data structures course and the current world of C++ and object-oriented programming, Data Structures via C++: Objects by Evolution offers an evolutionary approach to the subject. It combines a sound pedagogy for teaching data structures at the introductory (CS2) level with modern ideas in software engineering and object-oriented programming. The book introduces students (and instructors) to C++ and object-oriented programming using a "just-in-time" approach which leads readers from traditional techniques to more current ideas. |
| 650 #0 - SUBJECT ADDED ENTRY--TOPICAL TERM | |
| Topical term or geographic name entry element | C++ (Computer program language) |
| 650 #0 - SUBJECT ADDED ENTRY--TOPICAL TERM | |
| Topical term or geographic name entry element | Data structures (Computer science) |
| 650 #0 - SUBJECT ADDED ENTRY--TOPICAL TERM | |
| Topical term or geographic name entry element | Object-oriented programming (Computer science) |
| 942 ## - ADDED ENTRY ELEMENTS (KOHA) | |
| Koha item type | Book |
| Call number prefix | 005.73 BER |
| Source of classification or shelving scheme | |
| Withdrawn status | Lost status | Damaged status | Not for loan | Collection code | Permanent Location | Current Location | Shelving location | Date acquired | Source of acquisition | Cost, normal purchase price | Total Checkouts | Full call number | Barcode | Date last seen | Date last checked out | Price effective from | Koha item type |
|---|---|---|---|---|---|---|---|---|---|---|---|---|---|---|---|---|---|
| Central Library (CL) | Central Library (CL) | First Floor - Operating System/ Data Structure | 12/07/2001 | Oxford University Press | 1660.00 | 4 | 005.73 BER | SEECS001527 | 02/23/2016 | 09/08/2015 | 01/05/2017 | Book |
